Central Library OPAC University of Rajshahi

The industrial structure of American cities : (Record no. 23397)

MARC details
000 -LEADER
fixed length control field 00842cam a22002412 4500
001 - CONTROL NUMBER
control field 23397
003 - CONTROL NUMBER IDENTIFIER
rucl marc code BD-RjUL
005 - DATE AND TIME OF LATEST TRANSACTION
control field 20211209000926.0
008 - FIXED-LENGTH DATA ELEMENTS--GENERAL INFORMATION
fixed length control field 140310s1956 nbuab b 000 0 eng
035 ## - SYSTEM CONTROL NUMBER
System control number (BD-RjUL)23462
040 ## - CATALOGING SOURCE
Original cataloging agency DLC
Transcribing agency CSU
Modifying agency OCL
-- BD-RjUL
-- BD-RjUL
Language of cataloging eng
041 ## - LANGUAGE CODE
Language code of text/sound track or separate title eng
082 ## - DEWEY DECIMAL CLASSIFICATION NUMBER
Classification number 338
Author mark and year ALI 1956
100 1# - MAIN ENTRY--PERSONAL NAME
Personal name Alexandersson, Gunnar.
Fuller form of name Gunnar Alexandersson.
9 (RLIN) 72059
245 14 - TITLE STATEMENT
Title The industrial structure of American cities :
Remainder of title a geographic study of urban economy in the United States /
Statement of responsibility, etc. Gunnar Alexandersson.
260 ## - PUBLICATION, DISTRIBUTION, ETC. (IMPRINT)
Place of publication, distribution, etc. Lincoln :
Name of publisher, distributor, etc. University of Nebraska Press,
Date of publication, distribution, etc. 1956.
300 ## - PHYSICAL DESCRIPTION
Pagination 133 p. :
Illustrations maps (part fold., part col.) diagrs., tables. ;
Size 26 cm.
504 ## - BIBLIOGRAPHY, ETC. NOTE
Bibliography, etc Bibliographical footnotes.
650 #0 - SUBJECT ADDED ENTRY--TOPICAL TERM
Topical term or geographic name as entry element Industries
Geographic subdivision United States.
9 (RLIN) 72060
942 ## - ADDED ENTRY ELEMENTS (KOHA)
Source of classification or shelving scheme Dewey Decimal Classification
Koha item type Books
Holdings
Lost status Source of classification or shelving scheme Damaged status Not for loan Collection code Permanent Location Current Location Shelving location Date acquired Source of acquisition Cost, normal purchase price Total Checkouts Full call number Date last seen Copy number Koha item type
  Dewey Decimal Classification   Added to bundle Non-fiction Central Library, University of Rajshahi Central Library, University of Rajshahi Reading Room 14/01/1958 B.H. black well 2.00   338 ALI 1956 10/03/2014 C-1 Books